| 000 | 01670nam a22002537a 4500 | ||
|---|---|---|---|
| 999 |
_c57103 _d57103 |
||
| 003 | Ge_BSU | ||
| 005 | 20191119142013.0 | ||
| 008 | 191119s2014 ||||| |||| 00| 0 geo d | ||
| 020 | _a9789994094653 | ||
| 041 | _ageo | ||
| 080 | _a340.12(075.8) ლ-76 | ||
| 100 |
_aლობჟანიძე, გივი. _94775 |
||
| 245 |
_aსამართლის ფილოსოფია : _b [სახელმძღვანელო]. წ. 2 / _cგივი ლობჟანიძე ; რედ : რომან შენგელია ; არსენ ბურჯალიანი. |
||
| 264 |
_aთბილისი : _bბარტონი, _c2014. |
||
| 300 |
_a368 გვ.: _c22 სმ. |
||
| 500 | _aგარეკანზე: არჩილ ჯორჯაძე და თვითნასწავლი ვეტექიმი ილია სვიმონის ძე ლობჟანიძე | ||
| 504 | _aბიბლიოგრაფ.გვ: გვ. 350-362 | ||
| 653 | _aსამართალი | ||
| 653 | _aThe Law Philosophy. ENG | ||
| 700 |
_aშენგელია, რომან _eრედაქტორი _9909 |
||
| 700 |
_aბურჯალიანი, არსენ _eრედაქტორი _95432 |
||
| 710 |
_eწიგნი გამოცემულია გურამ თავართქილაძის სასწ. უნ-ტის და საქ. ტექნ. უნ-ტის აკად. საბჭოების გადაწყვეტილებით და ფინანსური მხარდაჭერით. _95434 |
||
| 942 |
_2udc _cBK |
||